000 00644nam a22001697a 4500
005 20251108165413.0
008 250721s1981 xx 000 0 ara d
082 1 4 _aم/928.11/رشي
100 1 _aبوريني، عبد العزيز محمد
245 1 0 _aإبن رشيق القيرواني شاعرا /
264 1 _aبيروت :
_bجامعة القديس يوسف - كلية الآداب و العلوم الإنسانية،
_c1981.
300 _a357ص : فهارس
500 _aرسالة ماجستير بإشراف الدكتور أسامه عانوتي
650 1 7 _aالشعراء العرب
942 _2ddc
_cREF
999 _c27108
_d27108